000 01170nam0a22003131 4500
001 v19\rc\1779123
005 20061204163840.2
035 _a(NLR Aleph) 004898637
090 _a5349751
_c5349751
100 _a20061204e19041904|||y0rusy50 ca
101 0 _arus
102 _aRU
105 _ay z |||||
200 1 _aСовременное состояние учения о розовом шелушащемся лишае (pirypiasis posea Gibert'а)
_eСообщ. на IX Пирогов. съезде
_f[Соч.] Ч. пр. А.И. Лянца (Москва)
210 _a[Санкт-Петербург]
_cтип. Я. Трей
_dценз. 1904
215 _a21 с.
_d21
309 _aБез тит. л. и обл.
311 _aОтт. из "Рус. врача". № 8, 1904
320 _aБиблиогр.: с. 20-21
488 0 _12001#$aРусский врач$v1904, № 8
700 1 _aЛянц
_bА. И.
_f1855-
_gАльфред Иванович
801 0 _aRU
_bNLR
_gpsbo
801 0 _aRU
_bRuMoRGB
_2psbo
801 1 _aRU
_bProSoft-M
_2rusmarc
852 _aNLR
_j34.84.7.895
899 _aRuMoRGB
_jA 287/1059
899 _aБАН
942 _cBOOK
980 _aNB